000
00344nam a2200157Ia 4500
100
_a
Koch G/ Loney/ K
250
_a
3
942
_c
BK
654
_a
Computer
245
_a
Oracle : The complete Reference
260
_b
Tata Mc Graw hill
_a
New Delhi
_c
1997
082
_a
005.13'O'KOC
300
_a
1066
546
_a
ENGLISH
999
_c
20291
_d
20291